[Event "DEM U10 2021"]
[Site "Willingen GER"]
[Date "2021.08.24"]
[Round "3"]
[White "Grebita, Magnus"]
[Black "Teng, David"]
[Result "1/2-1/2"]
[Termination "normal"]
[Board "23"]
[WhiteElo "977"]
[BlackElo "1380"]
[WhiteClock "00:39:44"]
[BlackClock "00:30:00"]
[PlyCount "67"]
[WhiteFideId "34608958"]
[BlackFideId "34604570"]
[EventCountry "GER"]
[EventRounds "11"]
[EventType "swiss"]
[EventDate "2021.08.22"]

1. e4 {[%clk 01:15:58]} {[%emt 00:00:02]} c5 {[%clk 01:15:54]} {[%emt
00:00:07]} 2. Nc3 {[%clk 01:16:00]} {[%emt 00:00:27]} a6 {[%clk 01:16:12]}
{[%emt 00:00:12]} 3. g3 {[%clk 01:16:14]} {[%emt 00:00:16]} b5 {[%clk
01:16:24]} {[%emt 00:00:19]} 4. Bg2 {[%clk 01:16:22]} {[%emt 00:00:20]} Bb7
{[%clk 01:16:29]} {[%emt 00:00:26]} 5. d3 {[%clk 01:16:37]} {[%emt 00:00:15]}
e6 {[%clk 01:15:59]} {[%emt 00:01:00]} 6. Nf3 {[%clk 01:16:42]} {[%emt
00:00:26]} Nf6 {[%clk 01:14:59]} {[%emt 00:01:30]} 7. Be3 {[%clk 01:15:27]}
{[%emt 00:01:45]} Be7 {[%clk 01:13:50]} {[%emt 00:01:38]} 8. O-O {[%clk
01:15:12]} {[%emt 00:00:35]} O-O {[%clk 01:13:26]} {[%emt 00:01:05]} 9. h3
{[%clk 01:14:40]} {[%emt 00:01:00]} d5 {[%clk 01:10:50]} {[%emt 00:03:07]} 10.
exd5 {[%clk 01:13:36]} {[%emt 00:01:32]} Nxd5 {[%clk 01:10:07]} {[%emt
00:01:15]} 11. Nxd5 {[%clk 01:13:42]} {[%emt 00:00:24]} Bxd5 {[%clk 01:09:47]}
{[%emt 00:00:50]} 12. Qd2 {[%clk 01:12:39]} {[%emt 00:01:31]} Nc6 {[%clk
01:07:26]} {[%emt 00:02:54]} 13. a3 {[%clk 01:08:21]} {[%emt 00:04:48]} Qb6
{[%clk 01:03:19]} {[%emt 00:04:37]} 14. c3 {[%clk 01:03:56]} {[%emt 00:04:54]}
Na5 {[%clk 01:01:09]} {[%emt 00:02:40]} 15. Qe2 {[%clk 01:01:32]} {[%emt
00:02:53]} Qc6 {[%clk 01:00:00]} {[%emt 00:01:34]} 16. Rfe1 {[%clk 00:58:07]}
{[%emt 00:03:58]} Rfd8 {[%clk 00:58:12]} {[%emt 00:02:22]} 17. Rac1 {[%clk
00:56:35]} {[%emt 00:01:32]} c4 {[%clk 00:56:08]} {[%emt 00:03:04]} 18. d4
{[%clk 00:54:58]} {[%emt 00:02:05]} Nb3 {[%clk 00:53:57]} {[%emt 00:02:43]} 19.
Rb1 {[%clk 00:51:55]} {[%emt 00:03:29]} a5 {[%clk 00:48:47]} {[%emt 00:05:43]}
20. Ne5 {[%clk 00:51:07]} {[%emt 00:01:15]} Qb7 {[%clk 00:47:43]} {[%emt
00:01:37]} 21. Bf3 {[%clk 00:48:51]} {[%emt 00:00:49]} Bxf3 {[%clk 00:45:33]}
22. Qxf3 {[%clk 00:48:51]} Qxf3 {[%clk 00:43:16]} {[%emt 00:09:26]} 23. Nxf3
{[%emt 00:04:02]} b4 {[%clk 00:39:55]} 24. axb4 {[%clk 00:45:45]} {[%emt
00:01:05]} axb4 {[%emt 00:02:32]} 25. Ne5 {[%clk 00:45:24]} {[%emt 00:00:12]}
Na5 {[%clk 00:38:58]} {[%emt 00:01:22]} 26. Kg2 {[%clk 00:44:24]} {[%emt
00:01:28]} f6 {[%clk 00:37:52]} {[%emt 00:01:37]} 27. Nf3 {[%clk 00:44:30]}
{[%emt 00:00:23]} Kf7 {[%clk 00:35:04]} {[%emt 00:03:19]} 28. Ra1 {[%clk
00:43:26]} {[%emt 00:01:30]} Nb3 {[%clk 00:32:52]} {[%emt 00:02:46]} 29. Rxa8
{[%clk 00:40:39]} {[%emt 00:03:18]} Rxa8 {[%clk 00:33:16]} {[%emt 00:00:05]}
30. Nd2 {[%clk 00:40:02]} {[%emt 00:01:07]} Nxd2 {[%clk 00:31:55]} {[%emt
00:01:51]} 31. Bxd2 {[%clk 00:40:19]} {[%emt 00:00:13]} b3 {[%clk 00:31:30]}
{[%emt 00:00:56]} 32. Be3 {[%clk 00:39:53]} {[%emt 00:00:56]} Ra2 {[%clk
00:30:59]} {[%emt 00:01:00]} 33. Rb1 {[%clk 00:40:05]} {[%emt 00:00:18]} Bd6
{[%clk 00:30:00]} {[%emt 00:01:29]} 34. f4 {[%clk 00:39:44]} {[%emt 00:00:45]}
1/2-1/2

[Event "DEM U10 2021"]
[Site "Willingen GER"]
[Date "2021.08.24"]
[Round "3"]
[White "Guo, Felix"]
[Black "He, Saiqi"]
[Result "0-1"]
[Termination "normal"]
[Board "24"]
[WhiteElo "1045"]
[BlackElo "1188"]
[WhiteClock "01:01:44"]
[BlackClock "00:46:25"]
[PlyCount "120"]
[WhiteFideId "16277104"]
[BlackFideId "16292723"]
[EventCountry "GER"]
[EventRounds "11"]
[EventType "swiss"]
[EventDate "2021.08.22"]

1. e4 {[%clk 01:15:58]} {[%emt 00:00:01]} e5 {[%clk 01:15:59]} {[%emt
00:00:02]} 2. Nf3 {[%clk 01:16:05]} {[%emt 00:00:23]} Nc6 {[%clk 01:16:21]}
{[%emt 00:00:08]} 3. Bc4 {[%clk 01:16:25]} {[%emt 00:00:10]} Bc5 {[%clk
01:16:36]} {[%emt 00:00:15]} 4. b4 {[%clk 01:16:46]} {[%emt 00:00:09]} Bxb4
{[%clk 01:16:54]} {[%emt 00:00:11]} 5. c3 {[%clk 01:17:07]} {[%emt 00:00:09]}
Be7 {[%clk 01:16:57]} {[%emt 00:00:26]} 6. d4 {[%clk 01:17:30]} {[%emt
00:00:08]} Na5 {[%clk 01:16:55]} {[%emt 00:00:31]} 7. Nxe5 {[%clk 01:16:40]}
{[%emt 00:01:22]} Nxc4 {[%clk 01:17:14]} {[%emt 00:00:10]} 8. Nxc4 {[%clk
01:17:03]} {[%emt 00:00:07]} d5 {[%clk 01:17:07]} {[%emt 00:00:36]} 9. exd5
{[%clk 01:14:07]} {[%emt 00:03:27]} Qxd5 {[%clk 01:16:14]} {[%emt 00:01:23]}
10. Ne3 {[%clk 01:14:25]} {[%emt 00:00:12]} Qd8 {[%clk 01:16:33]} {[%emt
00:00:11]} 11. O-O {[%clk 01:14:32]} {[%emt 00:00:24]} Nf6 {[%clk 01:16:51]}
{[%emt 00:00:11]} 12. Nc4 {[%clk 01:14:06]} {[%emt 00:00:57]} O-O {[%clk
01:16:45]} {[%emt 00:00:35]} 13. Bf4 {[%clk 01:14:00]} {[%emt 00:00:36]} Bd6
{[%clk 01:15:05]} {[%emt 00:02:11]} 14. Bxd6 {[%clk 01:12:45]} {[%emt
00:01:44]} cxd6 {[%clk 01:15:25]} {[%emt 00:00:10]} 15. Nbd2 {[%clk 01:11:57]}
{[%emt 00:01:18]} b5 {[%clk 01:14:52]} {[%emt 00:01:04]} 16. Ne3 {[%clk
01:11:51]} {[%emt 00:00:36]} Bb7 {[%clk 01:13:51]} {[%emt 00:01:30]} 17. c4
{[%clk 01:11:17]} {[%emt 00:01:04]} bxc4 {[%clk 01:13:49]} {[%emt 00:00:33]}
18. Ndxc4 {[%clk 01:11:19]} {[%emt 00:00:28]} Ba6 {[%clk 01:11:23]} {[%emt
00:02:55]} 19. Re1 {[%clk 01:10:25]} {[%emt 00:01:23]} Rc8 {[%clk 01:09:14]}
{[%emt 00:02:38]} 20. Rc1 {[%clk 01:09:49]} {[%emt 00:01:08]} Re8 {[%clk
01:01:12]} {[%emt 00:08:32]} 21. h3 {[%clk 01:08:26]} {[%emt 00:01:52]} h6
{[%clk 01:00:48]} {[%emt 00:00:55]} 22. Qa4 {[%clk 01:07:05]} {[%emt 00:01:51]}
Bxc4 {[%clk 00:57:49]} {[%emt 00:03:29]} 23. Nxc4 {[%clk 01:07:10]} {[%emt
00:00:25]} Rxe1+ {[%clk 00:57:40]} {[%emt 00:00:38]} 24. Rxe1 {[%clk 01:07:31]}
{[%emt 00:00:10]} Qc7 {[%clk 00:57:44]} {[%emt 00:00:26]} 25. Ne3 {[%clk
01:07:09]} {[%emt 00:00:52]} Re8 {[%clk 00:56:48]} {[%emt 00:01:25]} 26. Kh2
{[%clk 01:03:20]} {[%emt 00:04:20]} Qb8 {[%clk 00:46:37]} {[%emt 00:10:38]} 27.
Qb3 {[%clk 01:00:12]} {[%emt 00:03:41]} Qxb3 {[%clk 00:44:56]} {[%emt
00:02:12]} 28. axb3 {[%clk 01:00:40]} {[%emt 00:00:02]} Rb8 {[%clk 00:45:10]}
{[%emt 00:00:15]} 29. Rb1 {[%clk 01:00:35]} {[%emt 00:00:35]} Ne4 {[%clk
00:45:30]} {[%emt 00:00:11]} 30. Nc4 {[%clk 00:59:09]} {[%emt 00:01:56]} d5
{[%clk 00:45:23]} {[%emt 00:00:36]} 31. Na5 {[%clk 00:59:01]} {[%emt 00:00:38]}
Nxf2 {[%clk 00:43:55]} {[%emt 00:01:57]} 32. Nc6 {[%clk 00:59:21]} {[%emt
00:00:11]} Rb7 {[%clk 00:44:00]} {[%emt 00:00:26]} 33. Kg3 {[%clk 00:59:21]}
{[%emt 00:00:29]} Ne4+ {[%clk 00:44:20]} {[%emt 00:00:10]} 34. Kf4 {[%clk
00:59:31]} {[%emt 00:00:20]} Nc3 {[%clk 00:44:19]} {[%emt 00:00:31]} 35. Rb2
{[%clk 00:58:58]} {[%emt 00:01:03]} Kf8 {[%clk 00:42:49]} {[%emt 00:02:00]} 36.
Na5 {[%clk 00:57:41]} {[%emt 00:01:47]} Rb5 {[%clk 00:41:05]} {[%emt 00:02:52]}
37. Nc6 {[%clk 00:57:49]} {[%emt 00:00:22]} a6 {[%clk 00:40:55]} {[%emt
00:00:39]} 38. b4 {[%clk 00:57:53]} {[%emt 00:00:27]} Rb6 {[%clk 00:39:49]}
{[%emt 00:01:36]} 39. Ne5 {[%clk 00:57:43]} {[%emt 00:00:40]} Rf6+ {[%clk
00:40:01]} {[%emt 00:00:18]} 40. Ke3 {[%clk 00:57:30]} {[%emt 00:00:43]} Nd1+
{[%clk 00:40:24]} {[%emt 00:00:07]} 41. Kd2 {[%clk 00:57:40]} {[%emt 00:00:20]}
Nxb2 {[%clk 00:40:34]} {[%emt 00:00:21]} 42. Nd7+ {[%clk 00:58:03]} {[%emt
00:00:07]} Ke7 {[%clk 00:40:57]} {[%emt 00:00:06]} 43. Nxf6 {[%clk 00:57:37]}
{[%emt 00:00:57]} Kxf6 {[%clk 00:41:18]} {[%emt 00:00:09]} 44. Kc2 {[%clk
00:57:41]} {[%emt 00:00:26]} Nc4 {[%clk 00:41:39]} {[%emt 00:00:09]} 45. Kd3
{[%clk 00:57:59]} {[%emt 00:00:12]} Kf5 {[%clk 00:41:43]} {[%emt 00:00:26]} 46.
g3 {[%clk 00:57:47]} {[%emt 00:00:41]} g5 {[%clk 00:41:52]} {[%emt 00:00:21]}
47. Ke2 {[%clk 00:57:56]} {[%emt 00:00:20]} Ke4 {[%clk 00:42:07]} {[%emt
00:00:15]} 48. g4 {[%clk 00:57:58]} {[%emt 00:00:29]} Kxd4 {[%emt 00:00:29]}
49. Kd1 {[%clk 00:58:01]} {[%emt 00:00:14]} Kd3 {[%clk 00:42:43]} {[%emt
00:00:08]} 50. Ke1 {[%clk 00:58:20]} {[%emt 00:00:11]} Kc2 {[%clk 00:43:03]}
{[%emt 00:00:11]} 51. Ke2 {[%clk 00:58:39]} {[%emt 00:00:11]} d4 {[%clk
00:43:27]} {[%emt 00:00:05]} 52. b5 {[%clk 00:59:06]} {[%emt 00:00:04]} axb5
{[%clk 00:43:38]} {[%emt 00:00:18]} 53. h4 {[%clk 00:59:25]} {[%emt 00:00:11]}
d3 {[%clk 00:44:00]} {[%emt 00:00:09]} 54. Kf1 {[%clk 00:59:45]} {[%emt
00:00:10]} d2 {[%clk 00:44:22]} {[%emt 00:00:07]} 55. h5 {[%clk 01:00:08]}
{[%emt 00:00:07]} d1=Q+ {[%clk 00:44:45]} {[%emt 00:00:08]} 56. Kf2 {[%clk
01:00:26]} {[%emt 00:00:12]} Kd3 {[%clk 00:45:05]} {[%emt 00:00:09]} 57. Kg2
{[%clk 01:00:48]} {[%emt 00:00:08]} Ke3 {[%clk 00:45:20]} {[%emt 00:00:16]} 58.
Kh3 {[%clk 01:01:06]} {[%emt 00:00:12]} Kf2 {[%clk 00:45:34]} {[%emt 00:00:15]}
59. Kh2 {[%clk 01:01:24]} {[%emt 00:00:12]} Qg1 {[%clk 00:45:58]} {[%emt
00:00:06]} 60. Kh3 {[%clk 01:01:44]} {[%emt 00:00:10]} Qg3+ {[%clk 00:46:25]}
{[%emt 00:00:03]} 0-1

[Event "DEM U10 2021"]
[Site "Willingen GER"]
[Date "2021.08.24"]
[Round "3"]
[White "Allen, Phillipp"]
[Black "Böhler, Yannic"]
[Result "0-1"]
[Termination "normal"]
[Board "25"]
[WhiteElo "1510"]
[BlackElo "1150"]
[WhiteClock "00:08:23"]
[BlackClock "00:02:40"]
[PlyCount "74"]
[WhiteFideId "16272846"]
[BlackFideId "34609059"]
[EventCountry "GER"]
[EventRounds "11"]
[EventType "swiss"]
[EventDate "2021.08.22"]

1. e4 {[%clk 01:15:57]} {[%emt 00:00:03]} c5 {[%clk 01:15:58]} {[%emt
00:00:02]} 2. c4 {[%clk 01:16:19]} {[%emt 00:00:08]} Nc6 {[%clk 01:16:21]}
{[%emt 00:00:07]} 3. Nc3 {[%clk 01:16:43]} {[%emt 00:00:07]} e6 {[%clk
01:16:12]} {[%emt 00:00:39]} 4. Nge2 {[%clk 01:16:59]} {[%emt 00:00:13]} Nf6
{[%clk 01:16:00]} {[%emt 00:00:42]} 5. d3 {[%clk 01:17:20]} {[%emt 00:00:09]}
d5 {[%clk 01:13:39]} {[%emt 00:02:51]} 6. cxd5 {[%clk 01:13:03]} {[%emt
00:04:47]} exd5 {[%clk 01:13:12]} {[%emt 00:00:58]} 7. exd5 {[%clk 01:11:35]}
{[%emt 00:01:58]} Nxd5 {[%clk 01:12:39]} {[%emt 00:01:02]} 8. d4 {[%clk
01:09:18]} {[%emt 00:02:47]} Bf5 {[%clk 01:07:46]} {[%emt 00:05:24]} 9. g4
{[%clk 01:01:14]} {[%emt 00:08:34]} Bxg4 {[%clk 01:00:19]} {[%emt 00:07:56]}
10. Bg2 {[%clk 00:57:37]} {[%emt 00:04:06]} Nb6 {[%clk 00:53:43]} {[%emt
00:07:08]} 11. d5 {[%clk 00:37:21]} {[%emt 00:20:46]} Nd4 {[%clk 00:50:16]}
{[%emt 00:03:57]} 12. Qd3 {[%clk 00:36:25]} {[%emt 00:01:25]} Qe7 {[%clk
00:45:56]} {[%emt 00:04:50]} 13. Be3 {[%clk 00:35:08]} {[%emt 00:01:47]} Nf5
{[%clk 00:45:10]} {[%emt 00:01:16]} 14. h3 {[%clk 00:32:44]} {[%emt 00:02:54]}
Nxe3 {[%clk 00:40:37]} {[%emt 00:05:04]} 15. fxe3 {[%clk 00:32:16]} {[%emt
00:00:57]} Bd7 {[%clk 00:35:20]} {[%emt 00:05:48]} 16. O-O-O {[%clk 00:30:02]}
{[%emt 00:02:43]} g6 {[%clk 00:34:25]} {[%emt 00:01:26]} 17. d6 {[%clk
00:29:54]} {[%emt 00:00:37]} Qe6 {[%clk 00:29:02]} {[%emt 00:05:52]} 18. Bxb7
{[%clk 00:25:48]} {[%emt 00:04:36]} Rb8 {[%clk 00:28:44]} {[%emt 00:00:49]} 19.
Bg2 {[%clk 00:24:35]} {[%emt 00:01:42]} Nc4 {[%clk 00:26:57]} {[%emt 00:02:18]}
20. Nd5 {[%clk 00:23:25]} {[%emt 00:01:40]} Qe5 {[%clk 00:23:00]} {[%emt
00:04:28]} 21. Qc3 {[%clk 00:18:22]} {[%emt 00:05:31]} Qxc3+ {[%clk 00:18:57]}
{[%emt 00:04:33]} 22. Nexc3 {[%clk 00:14:24]} {[%emt 00:04:28]} Rxb2 {[%emt
00:02:16]} 23. Bf1 {[%clk 00:12:21]} {[%emt 00:02:29]} Rb4 {[%clk 00:07:22]}
{[%emt 00:10:24]} 24. Nxb4 {[%clk 00:12:28]} {[%emt 00:00:23]} cxb4 {[%clk
00:07:43]} {[%emt 00:00:10]} 25. Bxc4 {[%clk 00:12:38]} {[%emt 00:00:19]} bxc3
{[%clk 00:08:05]} {[%emt 00:00:07]} 26. Rhf1 {[%clk 00:11:03]} {[%emt
00:02:05]} f5 {[%clk 00:07:17]} {[%emt 00:01:19]} 27. Kc2 {[%clk 00:10:19]}
{[%emt 00:01:14]} Bg7 {[%clk 00:06:53]} {[%emt 00:00:54]} 28. Rb1 {[%clk
00:09:27]} {[%emt 00:01:22]} Bc6 {[%clk 00:03:10]} {[%emt 00:04:13]} 29. Rb8+
{[%clk 00:07:36]} {[%emt 00:02:21]} Kd7 {[%clk 00:03:38]} {[%emt 00:00:03]} 30.
Rxh8 {[%clk 00:07:22]} {[%emt 00:00:43]} Bxh8 {[%clk 00:04:06]} {[%emt
00:00:02]} 31. Kb3 {[%clk 00:06:00]} {[%emt 00:01:52]} Kxd6 {[%clk 00:02:06]}
{[%emt 00:02:30]} 32. Bg8 {[%emt 00:00:03]} Bd5+ {[%clk 00:00:58]} {[%emt
00:01:35]} 33. Ka4 {[%clk 00:06:58]} {[%emt 00:00:01]} Bxg8 {[%clk 00:01:17]}
{[%emt 00:00:11]} 34. Ka5 {[%clk 00:07:13]} {[%emt 00:00:15]} Bxa2 {[%clk
00:01:40]} {[%emt 00:00:08]} 35. Ka6 {[%clk 00:07:39]} {[%emt 00:00:05]} c2
{[%clk 00:02:02]} {[%emt 00:00:07]} 36. Kxa7 {[%clk 00:08:04]} {[%emt
00:00:06]} Bb2 {[%clk 00:02:17]} {[%emt 00:00:15]} 37. Kb6 {[%clk 00:08:23]}
{[%emt 00:00:10]} c1=Q {[%clk 00:02:40]} {[%emt 00:00:07]} 0-1

[Event "DEM U10 2021"]
[Site "Willingen GER"]
[Date "2021.08.24"]
[Round "3"]
[White "Krüger, Moritz"]
[Black "Dodul, Arthur"]
[Result "0-1"]
[Termination "normal"]
[Board "27"]
[WhiteElo "1187"]
[BlackElo "1285"]
[WhiteClock "01:04:55"]
[BlackClock "00:58:22"]
[PlyCount "116"]
[WhiteFideId "34608923"]
[BlackFideId "34609016"]
[EventCountry "GER"]
[EventRounds "11"]
[EventType "swiss"]
[EventDate "2021.08.22"]

1. d4 {[%clk 01:15:57]} {[%emt 00:00:04]} Nf6 {[%clk 01:16:17]} {[%emt
00:00:14]} 2. c4 {[%clk 01:16:21]} {[%emt 00:00:05]} e6 {[%clk 01:16:34]}
{[%emt 00:00:12]} 3. Nc3 {[%clk 01:16:45]} {[%emt 00:00:06]} Bb4 {[%clk
01:16:50]} {[%emt 00:00:14]} 4. Bg5 {[%clk 01:17:04]} {[%emt 00:00:10]} O-O
{[%clk 01:16:33]} {[%emt 00:00:48]} 5. e3 {[%clk 01:17:26]} {[%emt 00:00:08]}
Bxc3+ {[%clk 01:16:05]} {[%emt 00:00:58]} 6. bxc3 {[%clk 01:17:49]} {[%emt
00:00:07]} c5 {[%clk 01:15:45]} {[%emt 00:00:51]} 7. Nf3 {[%clk 01:18:11]}
{[%emt 00:00:08]} d6 {[%clk 01:15:06]} {[%emt 00:01:09]} 8. Bd3 {[%clk
01:17:16]} {[%emt 00:01:24]} Nbd7 {[%clk 01:14:57]} {[%emt 00:00:40]} 9. O-O
{[%clk 01:17:36]} {[%emt 00:00:10]} b6 {[%clk 01:14:45]} {[%emt 00:00:42]} 10.
e4 {[%clk 01:17:54]} {[%emt 00:00:11]} Qc7 {[%clk 01:14:08]} {[%emt 00:01:07]}
11. d5 {[%clk 01:17:25]} {[%emt 00:01:00]} Bb7 {[%clk 01:13:19]} {[%emt
00:01:18]} 12. Bc2 {[%clk 01:14:38]} {[%emt 00:03:16]} Ba6 {[%clk 01:12:50]}
{[%emt 00:01:00]} 13. Bd3 {[%clk 01:14:01]} {[%emt 00:01:07]} h6 {[%clk
01:11:23]} {[%emt 00:01:58]} 14. Be3 {[%clk 01:14:04]} {[%emt 00:00:26]} Ng4
{[%clk 01:11:20]} {[%emt 00:00:33]} 15. Qd2 {[%clk 01:13:41]} {[%emt 00:00:53]}
Nxe3 {[%clk 01:08:45]} {[%emt 00:03:05]} 16. Qxe3 {[%clk 01:14:00]} {[%emt
00:00:10]} Nf6 {[%clk 01:08:20]} {[%emt 00:00:57]} 17. h3 {[%clk 01:14:15]}
{[%emt 00:00:14]} Rfe8 {[%clk 01:07:02]} {[%emt 00:01:49]} 18. Rab1 {[%clk
01:14:22]} {[%emt 00:00:22]} exd5 {[%clk 01:07:05]} {[%emt 00:00:28]} 19. cxd5
{[%clk 01:13:42]} {[%emt 00:01:10]} Bxd3 {[%clk 01:07:14]} {[%emt 00:00:21]}
20. Qxd3 {[%clk 01:14:04]} {[%emt 00:00:07]} Nxe4 {[%clk 01:07:28]} {[%emt
00:00:16]} 21. Rfe1 {[%clk 01:14:16]} {[%emt 00:00:17]} Nf6 {[%clk 01:07:16]}
{[%emt 00:00:43]} 22. c4 {[%clk 01:14:38]} {[%emt 00:00:09]} Qd7 {[%clk
01:06:37]} {[%emt 00:01:09]} 23. Qd2 {[%clk 01:10:20]} {[%emt 00:04:46]} Rxe1+
{[%clk 01:06:16]} {[%emt 00:00:52]} 24. Rxe1 {[%clk 01:10:30]} {[%emt
00:00:11]} Re8 {[%clk 01:06:19]} {[%emt 00:00:35]} 25. Kf1 {[%clk 01:10:33]}
{[%emt 00:00:27]} Rxe1+ {[%clk 01:05:04]} {[%emt 00:01:46]} 26. Qxe1 {[%clk
01:09:33]} {[%emt 00:01:30]} Qf5 {[%clk 01:04:29]} {[%emt 00:01:05]} 27. Qe2
{[%clk 01:07:42]} {[%emt 00:02:20]} Qb1+ {[%clk 01:03:24]} {[%emt 00:01:37]}
28. Ne1 {[%clk 01:07:51]} {[%emt 00:00:20]} Ne4 {[%clk 01:02:34]} {[%emt
00:01:15]} 29. Qc2 {[%clk 01:06:31]} {[%emt 00:01:54]} Qxc2 {[%clk 01:02:29]}
{[%emt 00:00:36]} 30. Nxc2 {[%clk 01:06:46]} {[%emt 00:00:16]} Nc3 {[%clk
01:02:45]} {[%emt 00:00:14]} 31. a3 {[%clk 01:04:29]} {[%emt 00:02:47]} Kf8
{[%clk 01:02:44]} {[%emt 00:00:31]} 32. Ke1 {[%clk 01:04:42]} {[%emt 00:00:14]}
Ke7 {[%clk 01:02:43]} {[%emt 00:00:33]} 33. Kd2 {[%clk 01:04:51]} {[%emt
00:00:20]} Ne4+ {[%clk 01:02:40]} {[%emt 00:00:32]} 34. Ke3 {[%clk 01:05:06]}
{[%emt 00:00:17]} f5 {[%clk 01:02:20]} {[%emt 00:00:50]} 35. g4 {[%clk
01:04:42]} {[%emt 00:00:54]} g6 {[%clk 01:01:33]} {[%emt 00:01:18]} 36. Kf3
{[%clk 01:04:34]} {[%emt 00:00:37]} Nd2+ {[%clk 01:01:49]} {[%emt 00:00:13]}
37. Kf4 {[%clk 01:04:51]} {[%emt 00:00:13]} fxg4 {[%clk 01:01:48]} {[%emt
00:00:32]} 38. hxg4 {[%clk 01:05:11]} {[%emt 00:00:08]} Nxc4 {[%clk 01:01:33]}
{[%emt 00:00:48]} 39. g5 {[%clk 01:04:29]} {[%emt 00:01:11]} h5 {[%clk
01:01:43]} {[%emt 00:00:21]} 40. Kg3 {[%clk 01:04:45]} {[%emt 00:00:13]} b5
{[%clk 01:00:46]} {[%emt 00:01:27]} 41. f4 {[%clk 01:04:41]} {[%emt 00:00:32]}
Nb6 {[%clk 00:58:35]} {[%emt 00:02:42]} 42. Ne3 {[%clk 01:04:48]} {[%emt
00:00:24]} b4 {[%clk 00:58:27]} {[%emt 00:00:39]} 43. axb4 {[%clk 01:05:11]}
{[%emt 00:00:07]} cxb4 {[%clk 00:58:50]} {[%emt 00:00:07]} 44. f5 {[%clk
01:05:14]} {[%emt 00:00:26]} b3 {[%clk 00:58:33]} {[%emt 00:00:41]} 45. Nd1
{[%clk 01:05:34]} {[%emt 00:00:15]} Kf7 {[%clk 00:58:15]} {[%emt 00:00:48]} 46.
f6 {[%clk 01:05:27]} {[%emt 00:00:38]} Nxd5 {[%clk 00:58:33]} {[%emt 00:00:12]}
47. Nb2 {[%clk 01:05:38]} {[%emt 00:00:18]} a5 {[%clk 00:58:52]} {[%emt
00:00:13]} 48. Kf3 {[%emt 00:00:34]} Nc3 {[%clk 00:59:06]} {[%emt 00:00:03]}
49. Nc4 {[%clk 01:06:02]} {[%emt 00:00:14]} Ke6 {[%clk 00:58:58]} {[%emt
00:00:38]} 50. Ke3 {[%clk 01:06:06]} {[%emt 00:00:25]} a4 {[%clk 00:58:38]}
{[%emt 00:00:45]} 51. Kd3 {[%clk 01:06:20]} {[%emt 00:00:22]} h4 {[%clk
00:58:26]} {[%emt 00:00:42]} 52. Ne3 {[%clk 01:06:05]} {[%emt 00:00:44]} b2
{[%clk 00:58:42]} {[%emt 00:00:15]} 53. Kxc3 {[%clk 01:06:12]} {[%emt
00:00:24]} b1=Q {[%clk 00:58:48]} {[%emt 00:00:12]} 54. Kd4 {[%clk 01:05:58]}
{[%emt 00:00:53]} a3 {[%clk 00:58:50]} {[%emt 00:00:30]} 55. f7 {[%clk
01:05:37]} {[%emt 00:00:51]} Kxf7 {[%clk 00:58:49]} {[%emt 00:00:30]} 56. Nd5
{[%emt 00:00:47]} a2 {[%emt 00:00:19]} 57. Nc3 {[%clk 01:04:55]} {[%emt
00:00:07]} a1=Q {[%emt 00:00:12]} 58. Kd5 {[%emt 00:00:08]} Qxc3 {[%clk
00:58:22]} {[%emt 00:00:38]} 0-1